Statistics for NBA 2k21 all-time New Orleans Pelicans

Click here to take the quiz!

General Stats

  • This quiz has been taken 73 times
  • The average score is 9 of 15

Answer Stats

OverallPlayer% Correct
94Anthony Davis
99%
97Chris Paul
97%
92Baron Davis
96%
81Zion Williamson
84%
85Brandon Ingram
74%
86Jrue Holiday
72%
88David West
63%
85DeMarcus Cousins
60%
89Jamal Mashburn
43%
82Peja Stojakovic
43%
83Tyson Chandler
37%
83Julius Randle
35%
81Eric Gordon
32%
84David Wesley
28%
82Ryan Anderson
25%

Score Distribution

Percentile by Number Answered

Percent of People with Each Score

Your Score History

You have not taken this quiz